| 000 | 00669nam a2200217Ia 4500 | ||
|---|---|---|---|
| 001 | 15078 | ||
| 003 | GE_BSU | ||
| 008 | 181216s||||||||xx |||||||||||||| ||und|| | ||
| 020 | _a5759802542 | ||
| 040 | _cGE_BSU | ||
| 080 | _a316.2(075.8) | ||
| 100 | _aЛапин,Н.И. | ||
| 245 | _aЭмпирическая социология в Западной Европе | ||
| 245 | _cРед.А.С.Жулева, Е.Н.Росмиславская | ||
| 260 | _aМосква | ||
| 260 | _bИзд.дом Гу ВШЭ | ||
| 260 | _c2004 | ||
| 300 | _a383стр.20см. | ||
| 653 | _aЭмпирическая социология в Западной Европе | ||
| 942 | _cBK | ||
| 999 |
_c48196 _d48196 |
||